000 01162nam a22002057a 4500
003 JO-AjAnu
005 20240605113547.0
008 240323b jo ||||| |||| 00| 0 ara d
040 _aJO-AjAnu
_bara
_cJO-AjAnu
_dJO-AjAnu
_erda
041 0 _aara
_hara
050 4 _aHG1615
_b2024
100 1 _aابو زهرة، حسين حسين محمود
_eمعد
_965071
245 0 _aأثر الافصاح عن المسؤولية الاجتماعية على الميزة التنافسية في البنوك التجارية الاردنية = The Impact of Disclosure of Social Responsibility on the Competitive Advantage in Jordanian Commercial Banks /
_cاعداد حسين حسين محمود ابو زهرة ؛ اشراف ليث محمد العريان
260 _c2024
300 _a91 ورقة
501 _aرسالة جامعية (ماجستير محاسبة) - جامعة عجلون الوطنية (عجلون ، الاردن)، كلية الاعمال، 2024.
650 0 _aالبنوك - ادارة - جوانب اجتماعية - الاردن.
_965073
700 1 _aالعريان، ليث عبدالله محمد
_eمشرف
_965074
942 _2lcc
_cTHS
_n0
999 _c33318
_d33318